000 00713nam a2200229Ia 4500
008 131103s9999 xx 000 0 und d
020 _a8170992303
_cRs.115
040 _aLoreto College
041 _aEnglish
082 _a378/RAM/378.54/RAM
_bLCLIB/36450
100 _aRam,Atma
245 _aHigher Education in India
_b issues and perspectives
_cAtma Ram;forword Satya Bhushan; preface by V.Natarajan
260 _aNew Delhi
_bMittal Publications
_c1990
300 _axxii,112 p.
_c 22 cm.
504 _aIncludes bibliographical references and index
630 _aIndia - Education
650 _aEducation
651 _aHigher Education
700 _aBhushan,Satya
850 _aLCLIB
942 _cBK
999 _c10804
_d61283